Art of War (Urdu) (Record no. 311757)
[ view plain ]
| 000 -LEADER | |
|---|---|
| fixed length control field | 00297 a2200133 4500 |
| 001 - CONTROL NUMBER | |
| control field | 76684 |
| 082 ## - DEWEY DECIMAL CLASSIFICATION NUMBER | |
| Classification number | 355.01 MIR |
| 090 ## - LOCALLY ASSIGNED LC-TYPE CALL NUMBER (OCLC); LOCAL CALL NUMBER (RLIN) | |
| -- | 39202 |
| -- | 39202 |
| 100 ## - MAIN ENTRY--PERSONAL NAME | |
| Personal name | Sun Tzu |
| 245 ## - TITLE STATEMENT | |
| Title | Art of War (Urdu) |
| Statement of responsibility, etc. | Sun Tzu |
| Medium | urdu |
| 260 ## - PUBLICATION, DISTRIBUTION, ETC. | |
| Place of publication, distribution, etc. | KARACHI |
| Name of publisher, distributor, etc. | City Book |
| Date of publication, distribution, etc. | 2010 |
| 300 ## - PHYSICAL DESCRIPTION | |
| Extent | 158 p |
| 600 ## - SUBJECT ADDED ENTRY--PERSONAL NAME | |
| Personal name | Abid Mir |
| 942 ## - ADDED ENTRY ELEMENTS (KOHA) | |
| Institution code [OBSOLETE] | caenust |
| Call number prefix | 355.01 MIR |
| Withdrawn status | Lost status | Damaged status | Not for loan | Collection code | Permanent Location | Current Location | Date acquired | Total Checkouts | Full call number | Barcode | Date last seen | Price effective from | Koha item type |
|---|---|---|---|---|---|---|---|---|---|---|---|---|---|
| College of Aeronautical Engineering (CAE) | College of Aeronautical Engineering (CAE) | 04/03/2017 | 355.01 MIR | CAE82141 | 04/05/2017 | 04/05/2017 | Book |
